000 00467nam a2200133Ia 4500
008 171212s9999 xx 000 0 und d
020 _a9781921313226
100 _aEvans, Denis J.;Morriss, Gary P.
245 _cEvans, Denis J.;Morriss, Gary P.
_aStatistical Mechanics of Nonequilibrium Liquids
260 _bANU E Press
_c2007
650 _aPhysics
650 _aStatistical mechanics; Kinetic theory of liquids
856 _uwww.jstor.org/stable/10.2307/j.ctt24h99q
999 _c351321
_d351321